International Economics (Record no. 11788)
[ view plain ]
| 000 -LEADER | |
|---|---|
| fixed length control field | 00451nam a22001937a 4500 |
| 003 - CONTROL NUMBER IDENTIFIER | |
| control field | OSt |
| 008 - FIXED-LENGTH DATA ELEMENTS--GENERAL INFORMATION | |
| fixed length control field | 230130b ||||| |||| 00| 0 eng d |
| 020 ## - INTERNATIONAL STANDARD BOOK NUMBER | |
| International Standard Book Number | 9789332586550 |
| 082 ## - DEWEY DECIMAL CLASSIFICATION NUMBER | |
| Classification number | 337 KKE |
| 100 ## - MAIN ENTRY--PERSONAL NAME | |
| Personal name | KRUGMAN,Paul |
| 245 ## - TITLE STATEMENT | |
| Title | International Economics |
| 250 ## - EDITION STATEMENT | |
| Edition statement | 10th ed |
| 260 ## - PUBLICATION, DISTRIBUTION, ETC. (IMPRINT) | |
| Place of publication, distribution, etc | UP |
| Name of publisher, distributor, etc | Pearson |
| Date of publication, distribution, etc | 2022 |
| 300 ## - PHYSICAL DESCRIPTION | |
| Extent | 783 |
| 650 ## - SUBJECT ADDED ENTRY--TOPICAL TERM | |
| Topical term or geographic name as entry element | International Economics |
| 700 ## - ADDED ENTRY--PERSONAL NAME | |
| Personal name | OBSTFELD,Maurice |
| 700 ## - ADDED ENTRY--PERSONAL NAME | |
| Personal name | MELITZ,Marc |
| 942 ## - ADDED ENTRY ELEMENTS (KOHA) | |
| Source of classification or shelving scheme | Dewey Decimal Classification |
| Koha item type | Reference Books |
| Withdrawn status | Lost status | Source of classification or shelving scheme | Damaged status | Not for loan | Collection code | Home library | Current library | Date acquired | Source of acquisition | Currency | Cost, normal purchase price | Bill Number | Total Checkouts | Full call number | Acc. no. / Barcode | Checked out | Date last seen | Date last borrowed | Actual Cost, discounted price | Bill Date | Koha item type |
|---|---|---|---|---|---|---|---|---|---|---|---|---|---|---|---|---|---|---|---|---|---|
| Dewey Decimal Classification | MBA | PIET C-LIBRARY | PIET C-LIBRARY | 28/12/2022 | International Book Centre | IN Rupees | 890.00 | IB/IN/927 | 2 | 337 KKE | 34456 | 11/07/2024 | 13/01/2024 | 13/01/2024 | 614.10 | 28/12/2022 | Text Books |